Team USA Basketball 2012 - Statistics

General Stats
  • This quiz has been taken 10,364 times
  • The average score is 8 of 13
Answer Stats
Position Answer % Correct
F LeBron James
98%
G Kevin Durant
80%
G Kobe Bryant
78%
F Carmelo Anthony
70%
G Chris Paul
70%
G Russell Westbrook
65%
G James Harden
56%
F Anthony Davis
53%
C Tyson Chandler
48%
G Deron Williams
47%
F Kevin Love
40%
Head Coach Mike Krzyzewski
39%
G/F Andre Igoudala
14%
No matching quizzes found
Score Distribution
Percent of People with Each Score
Percentile by Number Answered
Your Score History
You have not taken this quiz